<?xml version="1.0" encoding="UTF-8"?>
<record
    xmlns:xsi="http://www.w3.org/2001/XMLSchema-instance"
    xsi:schemaLocation="http://www.loc.gov/MARC21/slim http://www.loc.gov/standards/marcxml/schema/MARC21slim.xsd"
    xmlns="http://www.loc.gov/MARC21/slim">

  <leader>01350nas a2200241 454500</leader>
  <controlfield tag="001">4317</controlfield>
  <controlfield tag="005">20260407193504.0</controlfield>
  <controlfield tag="008">260407s2007####ag###########|||spa#d</controlfield>
  <controlfield tag="003">AR-UNSa-BCEJYS</controlfield>
  <datafield tag="040" ind1=" " ind2=" ">
    <subfield code="a">AR-UNSa-BCEJYS</subfield>
    <subfield code="b">spa</subfield>
    <subfield code="c">AR-UNSa-BCEJYS</subfield>
  </datafield>
  <datafield tag="080" ind1=" " ind2=" ">
    <subfield code="a">343.359</subfield>
    <subfield code="x">Delitos contra el fisco y otras autoridades administrativas (Derecho Penal Tributario, Delitos fiscales)</subfield>
  </datafield>
  <datafield tag="245" ind1="1" ind2="0">
    <subfield code="a">Doctrina Penal Tributaria y Econ&#xF3;mica</subfield>
  </datafield>
  <datafield tag="264" ind1=" " ind2="1">
    <subfield code="a">Buenos Aires :</subfield>
    <subfield code="b">Errepar</subfield>
    <subfield code="c">2007</subfield>
  </datafield>
  <datafield tag="310" ind1=" " ind2=" ">
    <subfield code="a">Periodicidad: Irregular</subfield>
  </datafield>
  <datafield tag="505" ind1=" " ind2=" ">
    <subfield code="a">Obra que congrega una gran variedad de trabajos de opini&#xF3;n y jurisprudencia en la materia, a trav&#xE9;s de distintas
secciones en las que se refleja la opini&#xF3;n de importantes autores y se da lugar a rese&#xF1;as y comentarios de los
fallos m&#xE1;s destacados.
Esta obra abarca temas como: &#x2022; Evasi&#xF3;n &#x2022; Responsabilidad del profesional &#x2022; Autor&#xED;a y participaci&#xF3;n &#x2022; Responsabilidad
de los integrantes de las empresas &#x2022; Asociaci&#xF3;n il&#xED;cita &#x2022; Clausura &#x2022; Agente encubierto &#x2022; Decomiso &#x2022; Contrabando
&#x2022; Derecho penal cambiario.</subfield>
  </datafield>
  <datafield tag="942" ind1=" " ind2=" ">
    <subfield code="c">SER</subfield>
  </datafield>
  <datafield tag="590" ind1=" " ind2=" ">
    <subfield code="a">niveau_biblio:s niveau_hierar:1</subfield>
  </datafield>
  <datafield tag="100" ind1="1" ind2=" ">
    <subfield code="a">G&#xF3;mez, Teresa</subfield>
  </datafield>
  <datafield tag="650" ind1=" " ind2=" ">
    <subfield code="a">Derecho Tributario</subfield>
  </datafield>
  <datafield tag="650" ind1=" " ind2=" ">
    <subfield code="a">JURISPRUDENCIA</subfield>
  </datafield>
  <datafield tag="650" ind1=" " ind2=" ">
    <subfield code="a">DOCTRINA</subfield>
  </datafield>
  <datafield tag="856" ind1="4" ind2="1">
    <subfield code="u">https://biblioeco.unsa.edu.ar/pmb/images/revistas/R22167.jpg</subfield>
    <subfield code="y">Imagen de portada</subfield>
    <subfield code="q">image/jpeg</subfield>
  </datafield>
  <datafield tag="999" ind1=" " ind2=" ">
    <subfield code="c">8407</subfield>
    <subfield code="d">8407</subfield>
  </datafield>
  <datafield tag="952" ind1=" " ind2=" ">
    <subfield code="0">0</subfield>
    <subfield code="1">0</subfield>
    <subfield code="4">0</subfield>
    <subfield code="7">0</subfield>
    <subfield code="a">BCEJYS</subfield>
    <subfield code="b">BCEJYS</subfield>
    <subfield code="c">17</subfield>
    <subfield code="d">2025-12-01</subfield>
    <subfield code="h">N&#xBA; 78 - dic. 2025</subfield>
    <subfield code="l">0</subfield>
    <subfield code="o">H343.359 DOC 78</subfield>
    <subfield code="p">R23519</subfield>
    <subfield code="r">2026-04-10 16:06:47</subfield>
    <subfield code="w">2026-04-10</subfield>
    <subfield code="y">RN</subfield>
  </datafield>
  <datafield tag="952" ind1=" " ind2=" ">
    <subfield code="0">0</subfield>
    <subfield code="1">0</subfield>
    <subfield code="4">0</subfield>
    <subfield code="7">0</subfield>
    <subfield code="a">BCEJYS</subfield>
    <subfield code="b">BCEJYS</subfield>
    <subfield code="c">17</subfield>
    <subfield code="d">2025-09-01</subfield>
    <subfield code="h">N&#xBA; 77 - sep. 2025</subfield>
    <subfield code="l">0</subfield>
    <subfield code="o">H343.359 DOC 77</subfield>
    <subfield code="p">R23487</subfield>
    <subfield code="r">2026-04-10 16:06:47</subfield>
    <subfield code="w">2026-04-10</subfield>
    <subfield code="y">RN</subfield>
  </datafield>
  <datafield tag="952" ind1=" " ind2=" ">
    <subfield code="0">0</subfield>
    <subfield code="1">0</subfield>
    <subfield code="4">0</subfield>
    <subfield code="7">0</subfield>
    <subfield code="a">BCEJYS</subfield>
    <subfield code="b">BCEJYS</subfield>
    <subfield code="c">17</subfield>
    <subfield code="d">2025-06-01</subfield>
    <subfield code="h">N&#xBA; 76 - jun. 2025</subfield>
    <subfield code="l">0</subfield>
    <subfield code="o">H343.359 DOC 76</subfield>
    <subfield code="p">R23470</subfield>
    <subfield code="r">2026-04-10 16:06:47</subfield>
    <subfield code="w">2026-04-10</subfield>
    <subfield code="y">RN</subfield>
  </datafield>
  <datafield tag="952" ind1=" " ind2=" ">
    <subfield code="0">0</subfield>
    <subfield code="1">0</subfield>
    <subfield code="4">0</subfield>
    <subfield code="7">0</subfield>
    <subfield code="a">BCEJYS</subfield>
    <subfield code="b">BCEJYS</subfield>
    <subfield code="c">17</subfield>
    <subfield code="d">2025-03-01</subfield>
    <subfield code="h">N&#xBA; 75 - mar. 2025</subfield>
    <subfield code="l">0</subfield>
    <subfield code="o">H343.359 DOC 75</subfield>
    <subfield code="p">R23449</subfield>
    <subfield code="r">2026-04-10 16:06:47</subfield>
    <subfield code="w">2026-04-10</subfield>
    <subfield code="y">RN</subfield>
  </datafield>
  <datafield tag="952" ind1=" " ind2=" ">
    <subfield code="0">0</subfield>
    <subfield code="1">0</subfield>
    <subfield code="4">0</subfield>
    <subfield code="7">0</subfield>
    <subfield code="a">BCEJYS</subfield>
    <subfield code="b">BCEJYS</subfield>
    <subfield code="c">17</subfield>
    <subfield code="d">2024-12-01</subfield>
    <subfield code="h">N&#xBA; 74 - dic. 2024</subfield>
    <subfield code="l">0</subfield>
    <subfield code="o">H343.359 DOC 74</subfield>
    <subfield code="p">R23382</subfield>
    <subfield code="r">2026-04-10 16:06:47</subfield>
    <subfield code="w">2026-04-10</subfield>
    <subfield code="y">RN</subfield>
  </datafield>
  <datafield tag="952" ind1=" " ind2=" ">
    <subfield code="0">0</subfield>
    <subfield code="1">0</subfield>
    <subfield code="4">0</subfield>
    <subfield code="7">0</subfield>
    <subfield code="a">BCEJYS</subfield>
    <subfield code="b">BCEJYS</subfield>
    <subfield code="c">17</subfield>
    <subfield code="d">2024-09-01</subfield>
    <subfield code="h">N&#xBA; 73 - sep. 2024</subfield>
    <subfield code="l">0</subfield>
    <subfield code="o">H343.359 DOC 73</subfield>
    <subfield code="p">R23369</subfield>
    <subfield code="r">2026-04-10 16:06:47</subfield>
    <subfield code="w">2026-04-10</subfield>
    <subfield code="y">RN</subfield>
  </datafield>
  <datafield tag="952" ind1=" " ind2=" ">
    <subfield code="0">0</subfield>
    <subfield code="1">0</subfield>
    <subfield code="4">0</subfield>
    <subfield code="7">0</subfield>
    <subfield code="a">BCEJYS</subfield>
    <subfield code="b">BCEJYS</subfield>
    <subfield code="c">17</subfield>
    <subfield code="d">2024-06-01</subfield>
    <subfield code="h">N&#xB0; 72 - jun. 2024</subfield>
    <subfield code="l">0</subfield>
    <subfield code="o">H343.359 DOC 72</subfield>
    <subfield code="p">R23340</subfield>
    <subfield code="r">2026-04-10 16:06:47</subfield>
    <subfield code="w">2026-04-10</subfield>
    <subfield code="y">RN</subfield>
  </datafield>
  <datafield tag="952" ind1=" " ind2=" ">
    <subfield code="0">0</subfield>
    <subfield code="1">0</subfield>
    <subfield code="4">0</subfield>
    <subfield code="7">0</subfield>
    <subfield code="a">BCEJYS</subfield>
    <subfield code="b">BCEJYS</subfield>
    <subfield code="c">17</subfield>
    <subfield code="d">2024-01-01</subfield>
    <subfield code="h">N&#xB0; 71 - mar. 2024</subfield>
    <subfield code="l">0</subfield>
    <subfield code="o">H343.359 DOC 71</subfield>
    <subfield code="p">R14117</subfield>
    <subfield code="r">2026-04-10 16:06:47</subfield>
    <subfield code="w">2026-04-10</subfield>
    <subfield code="y">RN</subfield>
  </datafield>
  <datafield tag="952" ind1=" " ind2=" ">
    <subfield code="0">0</subfield>
    <subfield code="1">0</subfield>
    <subfield code="4">0</subfield>
    <subfield code="7">0</subfield>
    <subfield code="a">BCEJYS</subfield>
    <subfield code="b">BCEJYS</subfield>
    <subfield code="c">17</subfield>
    <subfield code="d">2023-12-01</subfield>
    <subfield code="h">N&#xB0; 70 - dic. 2023</subfield>
    <subfield code="l">0</subfield>
    <subfield code="o">H343.359 DOC 70</subfield>
    <subfield code="p">R00474</subfield>
    <subfield code="r">2026-04-10 16:06:47</subfield>
    <subfield code="w">2026-04-10</subfield>
    <subfield code="y">RN</subfield>
  </datafield>
  <datafield tag="952" ind1=" " ind2=" ">
    <subfield code="0">0</subfield>
    <subfield code="1">0</subfield>
    <subfield code="4">0</subfield>
    <subfield code="7">0</subfield>
    <subfield code="a">BCEJYS</subfield>
    <subfield code="b">BCEJYS</subfield>
    <subfield code="c">17</subfield>
    <subfield code="d">2023-09-01</subfield>
    <subfield code="h">N&#xB0; 69 - sep. 2023</subfield>
    <subfield code="l">0</subfield>
    <subfield code="o">H343.359 DOC 69</subfield>
    <subfield code="p">R00505</subfield>
    <subfield code="r">2026-04-10 16:06:47</subfield>
    <subfield code="w">2026-04-10</subfield>
    <subfield code="y">RN</subfield>
  </datafield>
  <datafield tag="952" ind1=" " ind2=" ">
    <subfield code="0">0</subfield>
    <subfield code="1">0</subfield>
    <subfield code="4">0</subfield>
    <subfield code="7">0</subfield>
    <subfield code="a">BCEJYS</subfield>
    <subfield code="b">BCEJYS</subfield>
    <subfield code="c">17</subfield>
    <subfield code="d">2023-06-01</subfield>
    <subfield code="h">N&#xB0; 68 - jun. 2023</subfield>
    <subfield code="l">0</subfield>
    <subfield code="o">H343.359 DOC 68</subfield>
    <subfield code="p">R10348</subfield>
    <subfield code="r">2026-04-10 16:06:47</subfield>
    <subfield code="w">2026-04-10</subfield>
    <subfield code="y">RN</subfield>
  </datafield>
  <datafield tag="952" ind1=" " ind2=" ">
    <subfield code="0">0</subfield>
    <subfield code="1">0</subfield>
    <subfield code="4">0</subfield>
    <subfield code="7">0</subfield>
    <subfield code="a">BCEJYS</subfield>
    <subfield code="b">BCEJYS</subfield>
    <subfield code="c">17</subfield>
    <subfield code="d">2023-03-01</subfield>
    <subfield code="h">N&#xB0; 67 - mar. 2023</subfield>
    <subfield code="l">0</subfield>
    <subfield code="o">H343.359 DOC 67</subfield>
    <subfield code="p">R00523</subfield>
    <subfield code="r">2026-04-10 16:06:47</subfield>
    <subfield code="w">2026-04-10</subfield>
    <subfield code="y">RN</subfield>
  </datafield>
  <datafield tag="952" ind1=" " ind2=" ">
    <subfield code="0">0</subfield>
    <subfield code="1">0</subfield>
    <subfield code="4">0</subfield>
    <subfield code="7">0</subfield>
    <subfield code="a">BCEJYS</subfield>
    <subfield code="b">BCEJYS</subfield>
    <subfield code="c">17</subfield>
    <subfield code="d">2022-12-01</subfield>
    <subfield code="h">N&#xB0; 66 - dic. 2022</subfield>
    <subfield code="l">0</subfield>
    <subfield code="o">H343.359 DOC 66</subfield>
    <subfield code="p">R00485</subfield>
    <subfield code="r">2026-04-10 16:06:47</subfield>
    <subfield code="w">2026-04-10</subfield>
    <subfield code="y">RN</subfield>
  </datafield>
  <datafield tag="952" ind1=" " ind2=" ">
    <subfield code="0">0</subfield>
    <subfield code="1">0</subfield>
    <subfield code="4">0</subfield>
    <subfield code="7">0</subfield>
    <subfield code="a">BCEJYS</subfield>
    <subfield code="b">BCEJYS</subfield>
    <subfield code="c">17</subfield>
    <subfield code="d">2022-07-01</subfield>
    <subfield code="h">N&#xB0; 65 - sep. 2022</subfield>
    <subfield code="l">0</subfield>
    <subfield code="o">H343.359 DOC 65</subfield>
    <subfield code="p">R10539</subfield>
    <subfield code="r">2026-04-10 16:06:47</subfield>
    <subfield code="w">2026-04-10</subfield>
    <subfield code="y">RN</subfield>
  </datafield>
  <datafield tag="952" ind1=" " ind2=" ">
    <subfield code="0">0</subfield>
    <subfield code="1">0</subfield>
    <subfield code="4">0</subfield>
    <subfield code="7">0</subfield>
    <subfield code="a">BCEJYS</subfield>
    <subfield code="b">BCEJYS</subfield>
    <subfield code="c">17</subfield>
    <subfield code="d">2022-06-01</subfield>
    <subfield code="h">N&#xB0; 64 - jun. 2022</subfield>
    <subfield code="l">0</subfield>
    <subfield code="o">H343.359 DOC 64</subfield>
    <subfield code="p">R10338</subfield>
    <subfield code="r">2026-04-10 16:06:47</subfield>
    <subfield code="w">2026-04-10</subfield>
    <subfield code="y">RN</subfield>
  </datafield>
  <datafield tag="952" ind1=" " ind2=" ">
    <subfield code="0">0</subfield>
    <subfield code="1">0</subfield>
    <subfield code="4">0</subfield>
    <subfield code="7">0</subfield>
    <subfield code="a">BCEJYS</subfield>
    <subfield code="b">BCEJYS</subfield>
    <subfield code="c">17</subfield>
    <subfield code="d">2022-03-01</subfield>
    <subfield code="h">N&#xB0; 63 - mar. 2022</subfield>
    <subfield code="l">0</subfield>
    <subfield code="o">H343.359 DOC 63</subfield>
    <subfield code="p">R14135</subfield>
    <subfield code="r">2026-04-10 16:06:47</subfield>
    <subfield code="w">2026-04-10</subfield>
    <subfield code="y">RN</subfield>
  </datafield>
  <datafield tag="952" ind1=" " ind2=" ">
    <subfield code="0">0</subfield>
    <subfield code="1">0</subfield>
    <subfield code="4">0</subfield>
    <subfield code="7">0</subfield>
    <subfield code="a">BCEJYS</subfield>
    <subfield code="b">BCEJYS</subfield>
    <subfield code="c">17</subfield>
    <subfield code="d">2021-12-02</subfield>
    <subfield code="h">N&#xBA; 62/1 - dic. 2021</subfield>
    <subfield code="l">0</subfield>
    <subfield code="o">H343.359 DOC 62/1</subfield>
    <subfield code="p">R23327</subfield>
    <subfield code="r">2026-04-10 16:06:47</subfield>
    <subfield code="w">2026-04-10</subfield>
    <subfield code="y">RN</subfield>
  </datafield>
  <datafield tag="952" ind1=" " ind2=" ">
    <subfield code="0">0</subfield>
    <subfield code="1">0</subfield>
    <subfield code="4">0</subfield>
    <subfield code="7">0</subfield>
    <subfield code="a">BCEJYS</subfield>
    <subfield code="b">BCEJYS</subfield>
    <subfield code="c">17</subfield>
    <subfield code="d">2021-12-01</subfield>
    <subfield code="h">N&#xB0; 62 - dic. 2021</subfield>
    <subfield code="l">0</subfield>
    <subfield code="o">H343.359 DOC 62</subfield>
    <subfield code="p">R23326</subfield>
    <subfield code="r">2026-04-10 16:06:47</subfield>
    <subfield code="w">2026-04-10</subfield>
    <subfield code="y">RN</subfield>
  </datafield>
  <datafield tag="952" ind1=" " ind2=" ">
    <subfield code="0">0</subfield>
    <subfield code="1">0</subfield>
    <subfield code="4">0</subfield>
    <subfield code="7">0</subfield>
    <subfield code="a">BCEJYS</subfield>
    <subfield code="b">BCEJYS</subfield>
    <subfield code="c">17</subfield>
    <subfield code="d">2021-09-01</subfield>
    <subfield code="h">N&#xB0; 61 - set. 2021</subfield>
    <subfield code="l">0</subfield>
    <subfield code="o">H343.359 DOC 61</subfield>
    <subfield code="p">R22967</subfield>
    <subfield code="r">2026-04-10 16:06:47</subfield>
    <subfield code="w">2026-04-10</subfield>
    <subfield code="y">RN</subfield>
  </datafield>
  <datafield tag="952" ind1=" " ind2=" ">
    <subfield code="0">0</subfield>
    <subfield code="1">0</subfield>
    <subfield code="4">0</subfield>
    <subfield code="7">0</subfield>
    <subfield code="a">BCEJYS</subfield>
    <subfield code="b">BCEJYS</subfield>
    <subfield code="c">17</subfield>
    <subfield code="d">2021-06-01</subfield>
    <subfield code="h">N&#xB0; 60 - jun. 2021</subfield>
    <subfield code="l">0</subfield>
    <subfield code="o">H343.359 DOC 60</subfield>
    <subfield code="p">R22649</subfield>
    <subfield code="r">2026-04-10 16:06:47</subfield>
    <subfield code="w">2026-04-10</subfield>
    <subfield code="y">RN</subfield>
  </datafield>
  <datafield tag="952" ind1=" " ind2=" ">
    <subfield code="0">0</subfield>
    <subfield code="1">0</subfield>
    <subfield code="4">0</subfield>
    <subfield code="7">0</subfield>
    <subfield code="a">BCEJYS</subfield>
    <subfield code="b">BCEJYS</subfield>
    <subfield code="c">17</subfield>
    <subfield code="d">2021-03-01</subfield>
    <subfield code="h">N&#xB0; 59 - mar. 2021</subfield>
    <subfield code="l">0</subfield>
    <subfield code="o">H343.359 DOC 59</subfield>
    <subfield code="p">R22597</subfield>
    <subfield code="r">2026-04-10 16:06:47</subfield>
    <subfield code="w">2026-04-10</subfield>
    <subfield code="y">RN</subfield>
  </datafield>
  <datafield tag="952" ind1=" " ind2=" ">
    <subfield code="0">0</subfield>
    <subfield code="1">0</subfield>
    <subfield code="4">0</subfield>
    <subfield code="7">0</subfield>
    <subfield code="a">BCEJYS</subfield>
    <subfield code="b">BCEJYS</subfield>
    <subfield code="c">17</subfield>
    <subfield code="d">2020-12-01</subfield>
    <subfield code="h">N&#xB0; 58 - dic. 2020</subfield>
    <subfield code="l">0</subfield>
    <subfield code="o">H343.359 DOC 58</subfield>
    <subfield code="p">R22524</subfield>
    <subfield code="r">2026-04-10 16:06:47</subfield>
    <subfield code="w">2026-04-10</subfield>
    <subfield code="y">RN</subfield>
  </datafield>
  <datafield tag="952" ind1=" " ind2=" ">
    <subfield code="0">0</subfield>
    <subfield code="1">0</subfield>
    <subfield code="4">0</subfield>
    <subfield code="7">0</subfield>
    <subfield code="a">BCEJYS</subfield>
    <subfield code="b">BCEJYS</subfield>
    <subfield code="c">17</subfield>
    <subfield code="d">2020-09-01</subfield>
    <subfield code="h">N&#xB0; 57 - sep. 2020</subfield>
    <subfield code="l">0</subfield>
    <subfield code="o">H343.359 DOC 57</subfield>
    <subfield code="p">R22470</subfield>
    <subfield code="r">2026-04-10 16:06:47</subfield>
    <subfield code="w">2026-04-10</subfield>
    <subfield code="y">RN</subfield>
  </datafield>
  <datafield tag="952" ind1=" " ind2=" ">
    <subfield code="0">0</subfield>
    <subfield code="1">0</subfield>
    <subfield code="4">0</subfield>
    <subfield code="7">0</subfield>
    <subfield code="a">BCEJYS</subfield>
    <subfield code="b">BCEJYS</subfield>
    <subfield code="c">17</subfield>
    <subfield code="d">2020-06-07</subfield>
    <subfield code="h">N&#xB0; 56 - jun. 2020</subfield>
    <subfield code="l">0</subfield>
    <subfield code="o">H343.359 DOC 56</subfield>
    <subfield code="p">R22469</subfield>
    <subfield code="r">2026-04-10 16:06:47</subfield>
    <subfield code="w">2026-04-10</subfield>
    <subfield code="y">RN</subfield>
  </datafield>
  <datafield tag="952" ind1=" " ind2=" ">
    <subfield code="0">0</subfield>
    <subfield code="1">0</subfield>
    <subfield code="4">0</subfield>
    <subfield code="7">0</subfield>
    <subfield code="a">BCEJYS</subfield>
    <subfield code="b">BCEJYS</subfield>
    <subfield code="c">17</subfield>
    <subfield code="d">2020-03-01</subfield>
    <subfield code="h">N&#xB0; 55 - mar. 2020</subfield>
    <subfield code="l">0</subfield>
    <subfield code="o">H343.359 DOC 55</subfield>
    <subfield code="p">R22468</subfield>
    <subfield code="r">2026-04-10 16:06:47</subfield>
    <subfield code="w">2026-04-10</subfield>
    <subfield code="y">RN</subfield>
  </datafield>
  <datafield tag="952" ind1=" " ind2=" ">
    <subfield code="0">0</subfield>
    <subfield code="1">0</subfield>
    <subfield code="4">0</subfield>
    <subfield code="7">0</subfield>
    <subfield code="a">BCEJYS</subfield>
    <subfield code="b">BCEJYS</subfield>
    <subfield code="c">17</subfield>
    <subfield code="d">2019-12-01</subfield>
    <subfield code="h">N&#xB0; 54 - dic. 2019</subfield>
    <subfield code="l">0</subfield>
    <subfield code="o">H343.359 DOC 54</subfield>
    <subfield code="p">R22332</subfield>
    <subfield code="r">2026-04-10 16:06:47</subfield>
    <subfield code="w">2026-04-10</subfield>
    <subfield code="y">RN</subfield>
  </datafield>
  <datafield tag="952" ind1=" " ind2=" ">
    <subfield code="0">0</subfield>
    <subfield code="1">0</subfield>
    <subfield code="4">0</subfield>
    <subfield code="7">0</subfield>
    <subfield code="a">BCEJYS</subfield>
    <subfield code="b">BCEJYS</subfield>
    <subfield code="c">17</subfield>
    <subfield code="d">2019-09-01</subfield>
    <subfield code="h">N&#xB0; 53 - sep. 2019</subfield>
    <subfield code="l">0</subfield>
    <subfield code="o">H343.359 DOC 53</subfield>
    <subfield code="p">R22273</subfield>
    <subfield code="r">2026-04-10 16:06:47</subfield>
    <subfield code="w">2026-04-10</subfield>
    <subfield code="y">RN</subfield>
  </datafield>
  <datafield tag="952" ind1=" " ind2=" ">
    <subfield code="0">0</subfield>
    <subfield code="1">0</subfield>
    <subfield code="4">0</subfield>
    <subfield code="7">0</subfield>
    <subfield code="a">BCEJYS</subfield>
    <subfield code="b">BCEJYS</subfield>
    <subfield code="c">17</subfield>
    <subfield code="d">2019-07-01</subfield>
    <subfield code="h">N&#xBA; 52 - jul. 2019</subfield>
    <subfield code="l">0</subfield>
    <subfield code="o">H343.359 DOC 52</subfield>
    <subfield code="p">R22226</subfield>
    <subfield code="r">2026-04-10 16:06:47</subfield>
    <subfield code="w">2026-04-10</subfield>
    <subfield code="y">RN</subfield>
  </datafield>
  <datafield tag="952" ind1=" " ind2=" ">
    <subfield code="0">0</subfield>
    <subfield code="1">0</subfield>
    <subfield code="4">0</subfield>
    <subfield code="7">0</subfield>
    <subfield code="a">BCEJYS</subfield>
    <subfield code="b">BCEJYS</subfield>
    <subfield code="c">17</subfield>
    <subfield code="d">2019-03-01</subfield>
    <subfield code="h">N&#xB0; 51 - mar. 2019</subfield>
    <subfield code="l">0</subfield>
    <subfield code="o">H343.359 DOC 51</subfield>
    <subfield code="p">R22167</subfield>
    <subfield code="r">2026-04-10 16:06:47</subfield>
    <subfield code="w">2026-04-10</subfield>
    <subfield code="y">RN</subfield>
  </datafield>
  <datafield tag="952" ind1=" " ind2=" ">
    <subfield code="0">0</subfield>
    <subfield code="1">0</subfield>
    <subfield code="4">0</subfield>
    <subfield code="7">0</subfield>
    <subfield code="a">BCEJYS</subfield>
    <subfield code="b">BCEJYS</subfield>
    <subfield code="c">17</subfield>
    <subfield code="d">2018-12-01</subfield>
    <subfield code="h">N&#xB0; 50 - nov. 2018</subfield>
    <subfield code="l">0</subfield>
    <subfield code="o">H343.359 DOC 50</subfield>
    <subfield code="p">R22052</subfield>
    <subfield code="r">2026-04-10 16:06:47</subfield>
    <subfield code="w">2026-04-10</subfield>
    <subfield code="y">RN</subfield>
  </datafield>
  <datafield tag="952" ind1=" " ind2=" ">
    <subfield code="0">0</subfield>
    <subfield code="1">0</subfield>
    <subfield code="4">0</subfield>
    <subfield code="7">0</subfield>
    <subfield code="a">BCEJYS</subfield>
    <subfield code="b">BCEJYS</subfield>
    <subfield code="c">17</subfield>
    <subfield code="d">2018-09-01</subfield>
    <subfield code="h">N&#xB0; 49 - sep. 2018</subfield>
    <subfield code="l">0</subfield>
    <subfield code="o">H343.359 DOC 49</subfield>
    <subfield code="p">R21982</subfield>
    <subfield code="r">2026-04-10 16:06:47</subfield>
    <subfield code="w">2026-04-10</subfield>
    <subfield code="y">RN</subfield>
  </datafield>
  <datafield tag="952" ind1=" " ind2=" ">
    <subfield code="0">0</subfield>
    <subfield code="1">0</subfield>
    <subfield code="4">0</subfield>
    <subfield code="7">0</subfield>
    <subfield code="a">BCEJYS</subfield>
    <subfield code="b">BCEJYS</subfield>
    <subfield code="c">17</subfield>
    <subfield code="d">2018-06-01</subfield>
    <subfield code="h">N&#xB0; 48 - jun. 2018</subfield>
    <subfield code="l">0</subfield>
    <subfield code="o">H343.359 DOC 48</subfield>
    <subfield code="p">R21893</subfield>
    <subfield code="r">2026-04-10 16:06:47</subfield>
    <subfield code="w">2026-04-10</subfield>
    <subfield code="y">RN</subfield>
  </datafield>
  <datafield tag="952" ind1=" " ind2=" ">
    <subfield code="0">0</subfield>
    <subfield code="1">0</subfield>
    <subfield code="4">0</subfield>
    <subfield code="7">0</subfield>
    <subfield code="a">BCEJYS</subfield>
    <subfield code="b">BCEJYS</subfield>
    <subfield code="c">17</subfield>
    <subfield code="d">2018-03-01</subfield>
    <subfield code="h">N&#xBA; 47 - mar. 2018</subfield>
    <subfield code="l">0</subfield>
    <subfield code="o">H343.359 DOC 47</subfield>
    <subfield code="p">R21771</subfield>
    <subfield code="r">2026-04-10 16:06:47</subfield>
    <subfield code="w">2026-04-10</subfield>
    <subfield code="y">RN</subfield>
  </datafield>
  <datafield tag="952" ind1=" " ind2=" ">
    <subfield code="0">0</subfield>
    <subfield code="1">0</subfield>
    <subfield code="4">0</subfield>
    <subfield code="7">0</subfield>
    <subfield code="a">BCEJYS</subfield>
    <subfield code="b">BCEJYS</subfield>
    <subfield code="c">17</subfield>
    <subfield code="d">2017-12-01</subfield>
    <subfield code="h">N&#xBA; 46 - dic. 2017</subfield>
    <subfield code="l">0</subfield>
    <subfield code="o">H343.359 DOC 46</subfield>
    <subfield code="p">R21715</subfield>
    <subfield code="r">2026-04-10 16:06:47</subfield>
    <subfield code="w">2026-04-10</subfield>
    <subfield code="y">RN</subfield>
  </datafield>
  <datafield tag="952" ind1=" " ind2=" ">
    <subfield code="0">0</subfield>
    <subfield code="1">0</subfield>
    <subfield code="4">0</subfield>
    <subfield code="7">0</subfield>
    <subfield code="a">BCEJYS</subfield>
    <subfield code="b">BCEJYS</subfield>
    <subfield code="c">17</subfield>
    <subfield code="d">2017-09-01</subfield>
    <subfield code="h">N&#xBA; 45 - sep. 2017</subfield>
    <subfield code="l">0</subfield>
    <subfield code="o">H343.359 DOC 45</subfield>
    <subfield code="p">R21342</subfield>
    <subfield code="r">2026-04-10 16:06:47</subfield>
    <subfield code="w">2026-04-10</subfield>
    <subfield code="y">RN</subfield>
  </datafield>
  <datafield tag="952" ind1=" " ind2=" ">
    <subfield code="0">0</subfield>
    <subfield code="1">0</subfield>
    <subfield code="4">0</subfield>
    <subfield code="7">0</subfield>
    <subfield code="a">BCEJYS</subfield>
    <subfield code="b">BCEJYS</subfield>
    <subfield code="c">17</subfield>
    <subfield code="d">2017-06-01</subfield>
    <subfield code="h">N&#xBA; 44 - jun. 2017</subfield>
    <subfield code="l">0</subfield>
    <subfield code="o">H343.359 DOC 44</subfield>
    <subfield code="p">R20769</subfield>
    <subfield code="r">2026-04-10 16:06:47</subfield>
    <subfield code="w">2026-04-10</subfield>
    <subfield code="y">RN</subfield>
  </datafield>
  <datafield tag="952" ind1=" " ind2=" ">
    <subfield code="0">0</subfield>
    <subfield code="1">0</subfield>
    <subfield code="4">0</subfield>
    <subfield code="7">0</subfield>
    <subfield code="a">BCEJYS</subfield>
    <subfield code="b">BCEJYS</subfield>
    <subfield code="c">17</subfield>
    <subfield code="d">2017-03-01</subfield>
    <subfield code="h">N&#xBA; 43 - mar. 2017</subfield>
    <subfield code="l">0</subfield>
    <subfield code="o">H343.359 DOC 43</subfield>
    <subfield code="p">R20697</subfield>
    <subfield code="r">2026-04-10 16:06:47</subfield>
    <subfield code="w">2026-04-10</subfield>
    <subfield code="y">RN</subfield>
  </datafield>
  <datafield tag="952" ind1=" " ind2=" ">
    <subfield code="0">0</subfield>
    <subfield code="1">0</subfield>
    <subfield code="4">0</subfield>
    <subfield code="7">0</subfield>
    <subfield code="a">BCEJYS</subfield>
    <subfield code="b">BCEJYS</subfield>
    <subfield code="c">17</subfield>
    <subfield code="d">2016-12-01</subfield>
    <subfield code="h">N&#xBA; 42 - dic. 2016</subfield>
    <subfield code="l">0</subfield>
    <subfield code="o">H343.359 DOC 42</subfield>
    <subfield code="p">R20618</subfield>
    <subfield code="r">2026-04-10 16:06:47</subfield>
    <subfield code="w">2026-04-10</subfield>
    <subfield code="y">RN</subfield>
  </datafield>
  <datafield tag="952" ind1=" " ind2=" ">
    <subfield code="0">0</subfield>
    <subfield code="1">0</subfield>
    <subfield code="4">0</subfield>
    <subfield code="7">0</subfield>
    <subfield code="a">BCEJYS</subfield>
    <subfield code="b">BCEJYS</subfield>
    <subfield code="c">17</subfield>
    <subfield code="d">2016-09-01</subfield>
    <subfield code="h">N&#xBA; 41 - sep. 2016</subfield>
    <subfield code="l">0</subfield>
    <subfield code="o">H343.359 DOC 41</subfield>
    <subfield code="p">R20541</subfield>
    <subfield code="r">2026-04-10 16:06:47</subfield>
    <subfield code="w">2026-04-10</subfield>
    <subfield code="y">RN</subfield>
  </datafield>
  <datafield tag="952" ind1=" " ind2=" ">
    <subfield code="0">0</subfield>
    <subfield code="1">0</subfield>
    <subfield code="4">0</subfield>
    <subfield code="7">0</subfield>
    <subfield code="a">BCEJYS</subfield>
    <subfield code="b">BCEJYS</subfield>
    <subfield code="c">17</subfield>
    <subfield code="d">2016-06-01</subfield>
    <subfield code="h">N&#xBA; 40 - jun. 2016</subfield>
    <subfield code="l">0</subfield>
    <subfield code="o">H343.359 DOC 40</subfield>
    <subfield code="p">R20352</subfield>
    <subfield code="r">2026-04-10 16:06:47</subfield>
    <subfield code="w">2026-04-10</subfield>
    <subfield code="y">RN</subfield>
  </datafield>
  <datafield tag="952" ind1=" " ind2=" ">
    <subfield code="0">0</subfield>
    <subfield code="1">0</subfield>
    <subfield code="4">0</subfield>
    <subfield code="7">0</subfield>
    <subfield code="a">BCEJYS</subfield>
    <subfield code="b">BCEJYS</subfield>
    <subfield code="c">17</subfield>
    <subfield code="d">2016-04-01</subfield>
    <subfield code="h">N&#xBA; 39 - abr. 2016</subfield>
    <subfield code="l">0</subfield>
    <subfield code="o">H343.359 DOC 39</subfield>
    <subfield code="p">R19770</subfield>
    <subfield code="r">2026-04-10 16:06:47</subfield>
    <subfield code="w">2026-04-10</subfield>
    <subfield code="y">RN</subfield>
  </datafield>
  <datafield tag="952" ind1=" " ind2=" ">
    <subfield code="0">0</subfield>
    <subfield code="1">0</subfield>
    <subfield code="4">0</subfield>
    <subfield code="7">0</subfield>
    <subfield code="a">BCEJYS</subfield>
    <subfield code="b">BCEJYS</subfield>
    <subfield code="c">17</subfield>
    <subfield code="d">2015-11-01</subfield>
    <subfield code="h">N&#xBA; 38 - nov. 2015</subfield>
    <subfield code="l">0</subfield>
    <subfield code="o">H343.359 DOC 38</subfield>
    <subfield code="p">R17775</subfield>
    <subfield code="r">2026-04-10 16:06:47</subfield>
    <subfield code="w">2026-04-10</subfield>
    <subfield code="y">RN</subfield>
  </datafield>
  <datafield tag="952" ind1=" " ind2=" ">
    <subfield code="0">0</subfield>
    <subfield code="1">0</subfield>
    <subfield code="4">0</subfield>
    <subfield code="7">0</subfield>
    <subfield code="a">BCEJYS</subfield>
    <subfield code="b">BCEJYS</subfield>
    <subfield code="c">17</subfield>
    <subfield code="d">2015-09-01</subfield>
    <subfield code="h">N&#xBA; 37 - sep. 2015</subfield>
    <subfield code="l">0</subfield>
    <subfield code="o">H343.359 DOC 37</subfield>
    <subfield code="p">R17224</subfield>
    <subfield code="r">2026-04-10 16:06:47</subfield>
    <subfield code="w">2026-04-10</subfield>
    <subfield code="y">RN</subfield>
  </datafield>
  <datafield tag="952" ind1=" " ind2=" ">
    <subfield code="0">0</subfield>
    <subfield code="1">0</subfield>
    <subfield code="4">0</subfield>
    <subfield code="7">0</subfield>
    <subfield code="a">BCEJYS</subfield>
    <subfield code="b">BCEJYS</subfield>
    <subfield code="c">17</subfield>
    <subfield code="d">2015-06-01</subfield>
    <subfield code="h">N&#xBA; 36 - jun. 2015</subfield>
    <subfield code="l">0</subfield>
    <subfield code="o">H343.359 DOC 36</subfield>
    <subfield code="p">R14702</subfield>
    <subfield code="r">2026-04-10 16:06:47</subfield>
    <subfield code="w">2026-04-10</subfield>
    <subfield code="y">RN</subfield>
  </datafield>
  <datafield tag="952" ind1=" " ind2=" ">
    <subfield code="0">0</subfield>
    <subfield code="1">0</subfield>
    <subfield code="4">0</subfield>
    <subfield code="7">0</subfield>
    <subfield code="a">BCEJYS</subfield>
    <subfield code="b">BCEJYS</subfield>
    <subfield code="c">16</subfield>
    <subfield code="d">2015-03-01</subfield>
    <subfield code="h">N&#xBA; 35 - mar. 2015</subfield>
    <subfield code="l">0</subfield>
    <subfield code="o">H343.359 DOC 35</subfield>
    <subfield code="p">R13789</subfield>
    <subfield code="r">2026-04-10 16:06:48</subfield>
    <subfield code="w">2026-04-10</subfield>
    <subfield code="y">RN</subfield>
  </datafield>
  <datafield tag="952" ind1=" " ind2=" ">
    <subfield code="0">0</subfield>
    <subfield code="1">0</subfield>
    <subfield code="4">0</subfield>
    <subfield code="7">0</subfield>
    <subfield code="a">BCEJYS</subfield>
    <subfield code="b">BCEJYS</subfield>
    <subfield code="c">16</subfield>
    <subfield code="d">2014-11-01</subfield>
    <subfield code="h">N&#xBA; 34 - nov. 2014</subfield>
    <subfield code="l">0</subfield>
    <subfield code="o">H343.359 DOC 34</subfield>
    <subfield code="p">R13117</subfield>
    <subfield code="r">2026-04-10 16:06:48</subfield>
    <subfield code="w">2026-04-10</subfield>
    <subfield code="y">RN</subfield>
  </datafield>
  <datafield tag="952" ind1=" " ind2=" ">
    <subfield code="0">0</subfield>
    <subfield code="1">0</subfield>
    <subfield code="4">0</subfield>
    <subfield code="7">0</subfield>
    <subfield code="a">BCEJYS</subfield>
    <subfield code="b">BCEJYS</subfield>
    <subfield code="c">17</subfield>
    <subfield code="d">2014-08-01</subfield>
    <subfield code="h">N&#xBA; 33 - ago. 2014</subfield>
    <subfield code="l">0</subfield>
    <subfield code="o">H343.359 DOC 33</subfield>
    <subfield code="p">R12138</subfield>
    <subfield code="r">2026-04-10 16:06:48</subfield>
    <subfield code="w">2026-04-10</subfield>
    <subfield code="y">RN</subfield>
  </datafield>
  <datafield tag="952" ind1=" " ind2=" ">
    <subfield code="0">0</subfield>
    <subfield code="1">0</subfield>
    <subfield code="4">0</subfield>
    <subfield code="7">0</subfield>
    <subfield code="a">BCEJYS</subfield>
    <subfield code="b">BCEJYS</subfield>
    <subfield code="c">17</subfield>
    <subfield code="d">2014-06-01</subfield>
    <subfield code="h">N&#xBA; 32 - jun. 2014</subfield>
    <subfield code="l">0</subfield>
    <subfield code="o">H343.359 DOC 32</subfield>
    <subfield code="p">R11536</subfield>
    <subfield code="r">2026-04-10 16:06:48</subfield>
    <subfield code="w">2026-04-10</subfield>
    <subfield code="y">RN</subfield>
  </datafield>
  <datafield tag="952" ind1=" " ind2=" ">
    <subfield code="0">0</subfield>
    <subfield code="1">0</subfield>
    <subfield code="4">0</subfield>
    <subfield code="7">0</subfield>
    <subfield code="a">BCEJYS</subfield>
    <subfield code="b">BCEJYS</subfield>
    <subfield code="c">17</subfield>
    <subfield code="d">2014-04-01</subfield>
    <subfield code="h">N&#xBA; 31 - abr. 2014</subfield>
    <subfield code="l">0</subfield>
    <subfield code="o">H343.359 DOC 31</subfield>
    <subfield code="p">R10892</subfield>
    <subfield code="r">2026-04-10 16:06:48</subfield>
    <subfield code="w">2026-04-10</subfield>
    <subfield code="y">RN</subfield>
  </datafield>
  <datafield tag="952" ind1=" " ind2=" ">
    <subfield code="0">0</subfield>
    <subfield code="1">0</subfield>
    <subfield code="4">0</subfield>
    <subfield code="7">0</subfield>
    <subfield code="a">BCEJYS</subfield>
    <subfield code="b">BCEJYS</subfield>
    <subfield code="c">17</subfield>
    <subfield code="d">2013-11-01</subfield>
    <subfield code="h">N&#xBA; 30 - nov. 2013</subfield>
    <subfield code="l">0</subfield>
    <subfield code="o">H343.359 DOC 30</subfield>
    <subfield code="p">R10195</subfield>
    <subfield code="r">2026-04-10 16:06:48</subfield>
    <subfield code="w">2026-04-10</subfield>
    <subfield code="y">RN</subfield>
  </datafield>
  <datafield tag="952" ind1=" " ind2=" ">
    <subfield code="0">0</subfield>
    <subfield code="1">0</subfield>
    <subfield code="4">0</subfield>
    <subfield code="7">0</subfield>
    <subfield code="a">BCEJYS</subfield>
    <subfield code="b">BCEJYS</subfield>
    <subfield code="c">17</subfield>
    <subfield code="d">2013-08-01</subfield>
    <subfield code="h">N&#xBA; 29 - ago.2013</subfield>
    <subfield code="l">0</subfield>
    <subfield code="o">H343.359 DOC 29</subfield>
    <subfield code="p">R08414</subfield>
    <subfield code="r">2026-04-10 16:06:48</subfield>
    <subfield code="w">2026-04-10</subfield>
    <subfield code="y">RN</subfield>
  </datafield>
  <datafield tag="952" ind1=" " ind2=" ">
    <subfield code="0">0</subfield>
    <subfield code="1">0</subfield>
    <subfield code="4">0</subfield>
    <subfield code="7">0</subfield>
    <subfield code="a">BCEJYS</subfield>
    <subfield code="b">BCEJYS</subfield>
    <subfield code="c">17</subfield>
    <subfield code="d">2013-05-02</subfield>
    <subfield code="h">N&#xBA; 28 - mayo 2013</subfield>
    <subfield code="l">0</subfield>
    <subfield code="o">H343.359 DOC 28</subfield>
    <subfield code="p">R08135</subfield>
    <subfield code="r">2026-04-10 16:06:48</subfield>
    <subfield code="w">2026-04-10</subfield>
    <subfield code="y">RN</subfield>
  </datafield>
  <datafield tag="952" ind1=" " ind2=" ">
    <subfield code="0">0</subfield>
    <subfield code="1">0</subfield>
    <subfield code="4">0</subfield>
    <subfield code="7">0</subfield>
    <subfield code="a">BCEJYS</subfield>
    <subfield code="b">BCEJYS</subfield>
    <subfield code="c">17</subfield>
    <subfield code="d">2013-05-01</subfield>
    <subfield code="h">N&#xBA; 27 - mayo 2013</subfield>
    <subfield code="l">0</subfield>
    <subfield code="o">H343.359 DOC 27</subfield>
    <subfield code="p">R07893</subfield>
    <subfield code="r">2026-04-10 16:06:48</subfield>
    <subfield code="w">2026-04-10</subfield>
    <subfield code="y">RN</subfield>
  </datafield>
  <datafield tag="952" ind1=" " ind2=" ">
    <subfield code="0">0</subfield>
    <subfield code="1">0</subfield>
    <subfield code="4">0</subfield>
    <subfield code="7">0</subfield>
    <subfield code="a">BCEJYS</subfield>
    <subfield code="b">BCEJYS</subfield>
    <subfield code="c">17</subfield>
    <subfield code="d">2013-03-01</subfield>
    <subfield code="h">N&#xBA; 26 - mar. 2013</subfield>
    <subfield code="l">0</subfield>
    <subfield code="o">H343.359 DOC 26</subfield>
    <subfield code="p">R06319</subfield>
    <subfield code="r">2026-04-10 16:06:48</subfield>
    <subfield code="w">2026-04-10</subfield>
    <subfield code="y">RN</subfield>
  </datafield>
  <datafield tag="952" ind1=" " ind2=" ">
    <subfield code="0">0</subfield>
    <subfield code="1">0</subfield>
    <subfield code="4">0</subfield>
    <subfield code="7">0</subfield>
    <subfield code="a">BCEJYS</subfield>
    <subfield code="b">BCEJYS</subfield>
    <subfield code="c">17</subfield>
    <subfield code="d">2012-11-01</subfield>
    <subfield code="h">N&#xBA; 25 - nov. 2012</subfield>
    <subfield code="l">0</subfield>
    <subfield code="o">H343.359 DOC 25</subfield>
    <subfield code="p">R05944</subfield>
    <subfield code="r">2026-04-10 16:06:48</subfield>
    <subfield code="w">2026-04-10</subfield>
    <subfield code="y">RN</subfield>
  </datafield>
  <datafield tag="952" ind1=" " ind2=" ">
    <subfield code="0">0</subfield>
    <subfield code="1">0</subfield>
    <subfield code="4">0</subfield>
    <subfield code="7">0</subfield>
    <subfield code="a">BCEJYS</subfield>
    <subfield code="b">BCEJYS</subfield>
    <subfield code="c">17</subfield>
    <subfield code="d">2012-08-01</subfield>
    <subfield code="h">N&#xBA; 24 - ago. 2012</subfield>
    <subfield code="l">0</subfield>
    <subfield code="o">H343.359 DOC 24</subfield>
    <subfield code="p">R04998</subfield>
    <subfield code="r">2026-04-10 16:06:48</subfield>
    <subfield code="w">2026-04-10</subfield>
    <subfield code="y">RN</subfield>
  </datafield>
  <datafield tag="952" ind1=" " ind2=" ">
    <subfield code="0">0</subfield>
    <subfield code="1">0</subfield>
    <subfield code="4">0</subfield>
    <subfield code="7">0</subfield>
    <subfield code="a">BCEJYS</subfield>
    <subfield code="b">BCEJYS</subfield>
    <subfield code="c">17</subfield>
    <subfield code="d">2012-05-01</subfield>
    <subfield code="h">N&#xBA; 23 - may. 2012</subfield>
    <subfield code="l">0</subfield>
    <subfield code="o">H343.359 DOC 23</subfield>
    <subfield code="p">R04114</subfield>
    <subfield code="r">2026-04-10 16:06:48</subfield>
    <subfield code="w">2026-04-10</subfield>
    <subfield code="y">RN</subfield>
  </datafield>
  <datafield tag="952" ind1=" " ind2=" ">
    <subfield code="0">0</subfield>
    <subfield code="1">0</subfield>
    <subfield code="4">0</subfield>
    <subfield code="7">0</subfield>
    <subfield code="a">BCEJYS</subfield>
    <subfield code="b">BCEJYS</subfield>
    <subfield code="c">17</subfield>
    <subfield code="d">2012-02-01</subfield>
    <subfield code="h">N&#xBA; 22 - feb. 2012</subfield>
    <subfield code="l">0</subfield>
    <subfield code="o">H343.359 DOC 22</subfield>
    <subfield code="p">R04115</subfield>
    <subfield code="r">2026-04-10 16:06:48</subfield>
    <subfield code="w">2026-04-10</subfield>
    <subfield code="y">RN</subfield>
  </datafield>
  <datafield tag="952" ind1=" " ind2=" ">
    <subfield code="0">0</subfield>
    <subfield code="1">0</subfield>
    <subfield code="4">0</subfield>
    <subfield code="7">0</subfield>
    <subfield code="a">BCEJYS</subfield>
    <subfield code="b">BCEJYS</subfield>
    <subfield code="c">17</subfield>
    <subfield code="d">2011-12-01</subfield>
    <subfield code="h">N&#xBA; 21 - dic. 2011</subfield>
    <subfield code="l">0</subfield>
    <subfield code="o">H343.359 DOC 21</subfield>
    <subfield code="p">R04113</subfield>
    <subfield code="r">2026-04-10 16:06:48</subfield>
    <subfield code="w">2026-04-10</subfield>
    <subfield code="y">RN</subfield>
  </datafield>
  <datafield tag="952" ind1=" " ind2=" ">
    <subfield code="0">0</subfield>
    <subfield code="1">0</subfield>
    <subfield code="4">0</subfield>
    <subfield code="7">0</subfield>
    <subfield code="a">BCEJYS</subfield>
    <subfield code="b">BCEJYS</subfield>
    <subfield code="c">17</subfield>
    <subfield code="d">2011-10-01</subfield>
    <subfield code="h">N&#xBA; 20 - oct. 2011</subfield>
    <subfield code="l">0</subfield>
    <subfield code="o">H343.359 DOC 20</subfield>
    <subfield code="p">R03875</subfield>
    <subfield code="r">2026-04-10 16:06:48</subfield>
    <subfield code="w">2026-04-10</subfield>
    <subfield code="y">RN</subfield>
  </datafield>
  <datafield tag="952" ind1=" " ind2=" ">
    <subfield code="0">0</subfield>
    <subfield code="1">0</subfield>
    <subfield code="4">0</subfield>
    <subfield code="7">0</subfield>
    <subfield code="a">BCEJYS</subfield>
    <subfield code="b">BCEJYS</subfield>
    <subfield code="c">17</subfield>
    <subfield code="d">2011-06-01</subfield>
    <subfield code="h">N&#xBA; 19 - jun. 2011</subfield>
    <subfield code="l">0</subfield>
    <subfield code="o">H343.359 DOC 19</subfield>
    <subfield code="p">R03876</subfield>
    <subfield code="r">2026-04-10 16:06:48</subfield>
    <subfield code="w">2026-04-10</subfield>
    <subfield code="y">RN</subfield>
  </datafield>
  <datafield tag="952" ind1=" " ind2=" ">
    <subfield code="0">0</subfield>
    <subfield code="1">0</subfield>
    <subfield code="4">0</subfield>
    <subfield code="7">0</subfield>
    <subfield code="a">BCEJYS</subfield>
    <subfield code="b">BCEJYS</subfield>
    <subfield code="c">17</subfield>
    <subfield code="d">2011-03-01</subfield>
    <subfield code="h">N&#xBA; 18 - mar. 2011</subfield>
    <subfield code="l">0</subfield>
    <subfield code="o">H343.359 DOC 18</subfield>
    <subfield code="p">R03874</subfield>
    <subfield code="r">2026-04-10 16:06:48</subfield>
    <subfield code="w">2026-04-10</subfield>
    <subfield code="y">RN</subfield>
  </datafield>
  <datafield tag="952" ind1=" " ind2=" ">
    <subfield code="0">0</subfield>
    <subfield code="1">0</subfield>
    <subfield code="4">0</subfield>
    <subfield code="7">0</subfield>
    <subfield code="a">BCEJYS</subfield>
    <subfield code="b">BCEJYS</subfield>
    <subfield code="c">17</subfield>
    <subfield code="d">2010-12-01</subfield>
    <subfield code="h">N&#xBA; 17 - dic. 2010</subfield>
    <subfield code="l">0</subfield>
    <subfield code="o">H343.359 DOC 17</subfield>
    <subfield code="p">R03873</subfield>
    <subfield code="r">2026-04-10 16:06:48</subfield>
    <subfield code="w">2026-04-10</subfield>
    <subfield code="y">RN</subfield>
  </datafield>
  <datafield tag="952" ind1=" " ind2=" ">
    <subfield code="0">0</subfield>
    <subfield code="1">0</subfield>
    <subfield code="4">0</subfield>
    <subfield code="7">0</subfield>
    <subfield code="a">BCEJYS</subfield>
    <subfield code="b">BCEJYS</subfield>
    <subfield code="c">17</subfield>
    <subfield code="d">2010-06-01</subfield>
    <subfield code="h">N&#xBA; 15 - jun. 2010</subfield>
    <subfield code="l">0</subfield>
    <subfield code="o">H343.359 DOC 15</subfield>
    <subfield code="p">R03872</subfield>
    <subfield code="r">2026-04-10 16:06:48</subfield>
    <subfield code="w">2026-04-10</subfield>
    <subfield code="y">RN</subfield>
  </datafield>
  <datafield tag="952" ind1=" " ind2=" ">
    <subfield code="0">0</subfield>
    <subfield code="1">0</subfield>
    <subfield code="4">0</subfield>
    <subfield code="7">0</subfield>
    <subfield code="a">BCEJYS</subfield>
    <subfield code="b">BCEJYS</subfield>
    <subfield code="c">17</subfield>
    <subfield code="d">2010-04-01</subfield>
    <subfield code="h">N&#xBA; 14 - abr. 2010</subfield>
    <subfield code="l">0</subfield>
    <subfield code="o">H343.359 DOC 14</subfield>
    <subfield code="p">R03871</subfield>
    <subfield code="r">2026-04-10 16:06:48</subfield>
    <subfield code="w">2026-04-10</subfield>
    <subfield code="y">RN</subfield>
  </datafield>
  <datafield tag="952" ind1=" " ind2=" ">
    <subfield code="0">0</subfield>
    <subfield code="1">0</subfield>
    <subfield code="4">0</subfield>
    <subfield code="7">0</subfield>
    <subfield code="a">BCEJYS</subfield>
    <subfield code="b">BCEJYS</subfield>
    <subfield code="c">17</subfield>
    <subfield code="d">2009-12-01</subfield>
    <subfield code="h">N&#xBA; 13 - dic. 2009</subfield>
    <subfield code="l">0</subfield>
    <subfield code="o">H343.359 DOC 13</subfield>
    <subfield code="p">R03870</subfield>
    <subfield code="r">2026-04-10 16:06:48</subfield>
    <subfield code="w">2026-04-10</subfield>
    <subfield code="y">RN</subfield>
  </datafield>
  <datafield tag="952" ind1=" " ind2=" ">
    <subfield code="0">0</subfield>
    <subfield code="1">0</subfield>
    <subfield code="4">0</subfield>
    <subfield code="7">0</subfield>
    <subfield code="a">BCEJYS</subfield>
    <subfield code="b">BCEJYS</subfield>
    <subfield code="c">17</subfield>
    <subfield code="d">2009-10-01</subfield>
    <subfield code="h">N&#xBA; 12 - oct. 2009</subfield>
    <subfield code="l">0</subfield>
    <subfield code="o">H343.359 DOC 12</subfield>
    <subfield code="p">R03869</subfield>
    <subfield code="r">2026-04-10 16:06:48</subfield>
    <subfield code="w">2026-04-10</subfield>
    <subfield code="y">RN</subfield>
  </datafield>
  <datafield tag="952" ind1=" " ind2=" ">
    <subfield code="0">0</subfield>
    <subfield code="1">0</subfield>
    <subfield code="4">0</subfield>
    <subfield code="7">0</subfield>
    <subfield code="a">BCEJYS</subfield>
    <subfield code="b">BCEJYS</subfield>
    <subfield code="c">17</subfield>
    <subfield code="d">2009-06-01</subfield>
    <subfield code="h">N&#xBA; 11 - jun. 2009</subfield>
    <subfield code="l">0</subfield>
    <subfield code="o">H343.359 DOC 11</subfield>
    <subfield code="p">R03868</subfield>
    <subfield code="r">2026-04-10 16:06:48</subfield>
    <subfield code="w">2026-04-10</subfield>
    <subfield code="y">RN</subfield>
  </datafield>
  <datafield tag="952" ind1=" " ind2=" ">
    <subfield code="0">0</subfield>
    <subfield code="1">0</subfield>
    <subfield code="4">0</subfield>
    <subfield code="7">0</subfield>
    <subfield code="a">BCEJYS</subfield>
    <subfield code="b">BCEJYS</subfield>
    <subfield code="c">17</subfield>
    <subfield code="d">2009-03-01</subfield>
    <subfield code="h">N&#xBA; 10 - mar. 2009</subfield>
    <subfield code="l">0</subfield>
    <subfield code="o">H343.359 DOC 10</subfield>
    <subfield code="p">R03867</subfield>
    <subfield code="r">2026-04-10 16:06:48</subfield>
    <subfield code="w">2026-04-10</subfield>
    <subfield code="y">RN</subfield>
  </datafield>
  <datafield tag="952" ind1=" " ind2=" ">
    <subfield code="0">0</subfield>
    <subfield code="1">0</subfield>
    <subfield code="4">0</subfield>
    <subfield code="7">0</subfield>
    <subfield code="a">BCEJYS</subfield>
    <subfield code="b">BCEJYS</subfield>
    <subfield code="c">17</subfield>
    <subfield code="d">2008-12-01</subfield>
    <subfield code="h">N&#xBA; 9 - dic. 2008</subfield>
    <subfield code="l">0</subfield>
    <subfield code="o">H343.359 DOC 9</subfield>
    <subfield code="p">R03866</subfield>
    <subfield code="r">2026-04-10 16:06:48</subfield>
    <subfield code="w">2026-04-10</subfield>
    <subfield code="y">RN</subfield>
  </datafield>
  <datafield tag="952" ind1=" " ind2=" ">
    <subfield code="0">0</subfield>
    <subfield code="1">0</subfield>
    <subfield code="4">0</subfield>
    <subfield code="7">0</subfield>
    <subfield code="a">BCEJYS</subfield>
    <subfield code="b">BCEJYS</subfield>
    <subfield code="c">17</subfield>
    <subfield code="d">2008-10-01</subfield>
    <subfield code="h">N&#xBA; 8 - oct. 2008</subfield>
    <subfield code="l">0</subfield>
    <subfield code="o">H343.359 DOC 8</subfield>
    <subfield code="p">R03865</subfield>
    <subfield code="r">2026-04-10 16:06:48</subfield>
    <subfield code="w">2026-04-10</subfield>
    <subfield code="y">RN</subfield>
  </datafield>
  <datafield tag="952" ind1=" " ind2=" ">
    <subfield code="0">0</subfield>
    <subfield code="1">0</subfield>
    <subfield code="4">0</subfield>
    <subfield code="7">0</subfield>
    <subfield code="a">BCEJYS</subfield>
    <subfield code="b">BCEJYS</subfield>
    <subfield code="c">17</subfield>
    <subfield code="d">2008-07-01</subfield>
    <subfield code="h">N&#xBA; 7 - jul. 2008</subfield>
    <subfield code="l">0</subfield>
    <subfield code="o">H343.359 DOC 7</subfield>
    <subfield code="p">R03864</subfield>
    <subfield code="r">2026-04-10 16:06:48</subfield>
    <subfield code="w">2026-04-10</subfield>
    <subfield code="y">RN</subfield>
  </datafield>
  <datafield tag="952" ind1=" " ind2=" ">
    <subfield code="0">0</subfield>
    <subfield code="1">0</subfield>
    <subfield code="4">0</subfield>
    <subfield code="7">0</subfield>
    <subfield code="a">BCEJYS</subfield>
    <subfield code="b">BCEJYS</subfield>
    <subfield code="c">17</subfield>
    <subfield code="d">2008-03-01</subfield>
    <subfield code="h">N&#xBA; 5 - mar. 2008</subfield>
    <subfield code="l">0</subfield>
    <subfield code="o">H343.359 DOC 5</subfield>
    <subfield code="p">R02175</subfield>
    <subfield code="r">2026-04-10 16:06:48</subfield>
    <subfield code="w">2026-04-10</subfield>
    <subfield code="y">RN</subfield>
  </datafield>
  <datafield tag="952" ind1=" " ind2=" ">
    <subfield code="0">0</subfield>
    <subfield code="1">0</subfield>
    <subfield code="4">0</subfield>
    <subfield code="7">0</subfield>
    <subfield code="a">BCEJYS</subfield>
    <subfield code="b">BCEJYS</subfield>
    <subfield code="c">17</subfield>
    <subfield code="d">2007-12-01</subfield>
    <subfield code="h">N&#xBA; 4 - dic. 2007</subfield>
    <subfield code="l">0</subfield>
    <subfield code="o">H343.359 DOC 4</subfield>
    <subfield code="p">R02174</subfield>
    <subfield code="r">2026-04-10 16:06:48</subfield>
    <subfield code="w">2026-04-10</subfield>
    <subfield code="y">RN</subfield>
  </datafield>
  <datafield tag="952" ind1=" " ind2=" ">
    <subfield code="0">0</subfield>
    <subfield code="1">0</subfield>
    <subfield code="4">0</subfield>
    <subfield code="7">0</subfield>
    <subfield code="a">BCEJYS</subfield>
    <subfield code="b">BCEJYS</subfield>
    <subfield code="c">17</subfield>
    <subfield code="d">2007-10-01</subfield>
    <subfield code="h">N&#xBA; 3 - oct. 2007</subfield>
    <subfield code="l">0</subfield>
    <subfield code="o">H343.359 DOC 3</subfield>
    <subfield code="p">R02093</subfield>
    <subfield code="r">2026-04-10 16:06:48</subfield>
    <subfield code="w">2026-04-10</subfield>
    <subfield code="y">RN</subfield>
  </datafield>
  <datafield tag="952" ind1=" " ind2=" ">
    <subfield code="0">0</subfield>
    <subfield code="1">0</subfield>
    <subfield code="4">0</subfield>
    <subfield code="7">0</subfield>
    <subfield code="a">BCEJYS</subfield>
    <subfield code="b">BCEJYS</subfield>
    <subfield code="c">17</subfield>
    <subfield code="d">2007-07-01</subfield>
    <subfield code="h">N&#xBA; 2 - jul. 2007</subfield>
    <subfield code="l">0</subfield>
    <subfield code="o">H343.359 DOC 2</subfield>
    <subfield code="p">R02092</subfield>
    <subfield code="r">2026-04-10 16:06:48</subfield>
    <subfield code="w">2026-04-10</subfield>
    <subfield code="y">RN</subfield>
  </datafield>
  <datafield tag="952" ind1=" " ind2=" ">
    <subfield code="0">0</subfield>
    <subfield code="1">0</subfield>
    <subfield code="4">0</subfield>
    <subfield code="7">0</subfield>
    <subfield code="a">BCEJYS</subfield>
    <subfield code="b">BCEJYS</subfield>
    <subfield code="c">17</subfield>
    <subfield code="d">2007-05-01</subfield>
    <subfield code="h">N&#xBA; 1 - may. 2007</subfield>
    <subfield code="l">0</subfield>
    <subfield code="o">H343.359 DOC 1</subfield>
    <subfield code="p">R02091</subfield>
    <subfield code="r">2026-04-10 16:06:48</subfield>
    <subfield code="w">2026-04-10</subfield>
    <subfield code="y">RN</subfield>
  </datafield>
</record>
